000 00587nam a22001577a 4500
003 OSt
005 20151104154616.0
008 151104b xxu||||| |||| 00| 0 eng d
040 _cRUA
082 _aFOR HEM 1999 B125 Or.1
100 _93364
_aHEM, PISOTH.
245 _aStudy on the community forestry sotr nikum district siem reap province, សិក្សាពីការងារសហគមន៏ព្រៃឈើ ស្រុកសូត្រនិគម ខេត្តសៀមរាប
260 _aPhnom Penh
_bRUA
_c1999
300 _a63p.
_bill.
_c29cm.
942 _2ddc
_cFOR
999 _c3137
_d3137